Central Library OPAC University of Rajshahi

Transistor electronics in instrument technology / (Record no. 13426)

MARC details
000 -LEADER
fixed length control field 00933nam a2200265 a 4500
001 - CONTROL NUMBER
control field 13426
003 - CONTROL NUMBER IDENTIFIER
rucl marc code BD-RjUL
005 - DATE AND TIME OF LATEST TRANSACTION
control field 20211208235443.0
008 - FIXED-LENGTH DATA ELEMENTS--GENERAL INFORMATION
fixed length control field 140201s1964 enkad b 001 0 eng
035 ## - SYSTEM CONTROL NUMBER
System control number (BD-RjUL)13477
System control number (OCoLC)2086968
040 ## - CATALOGING SOURCE
Original cataloging agency DLC
Transcribing agency OClU
Modifying agency OCoLC
-- BD-RjUL
-- DLC
Language of cataloging eng
041 ## - LANGUAGE CODE
Language code of text/sound track or separate title eng
082 ## - DEWEY DECIMAL CLASSIFICATION NUMBER
Classification number 621.38151082
Author mark and year TRA 1964
Edition number 23
245 00 - TITLE STATEMENT
Title Transistor electronics in instrument technology /
Statement of responsibility, etc. Edited by N. I. Chistyakov ; Translated by G. R. Kiss.
260 ## - PUBLICATION, DISTRIBUTION, ETC. (IMPRINT)
Place of publication, distribution, etc. Oxford ;
-- New York :
Name of publisher, distributor, etc. Pergamon Press,
Date of publication, distribution, etc. 1964.
300 ## - PHYSICAL DESCRIPTION
Pagination x, 378 p. :
Illustrations ill. ;
Size 23 cm.
500 ## - GENERAL NOTE
General note Proceedings of a conference organized in Moscow in December 1956 by the Scientific and Technical Society.
504 ## - BIBLIOGRAPHY, ETC. NOTE
Bibliography, etc Includes bibliographies and index.
650 #0 - SUBJECT ADDED ENTRY--TOPICAL TERM
Topical term or geographic name as entry element Transistors
9 (RLIN) 41866
Topical term or geographic name as entry element Electronic circuits
9 (RLIN) 38587
700 ## - ADDED ENTRY--PERSONAL NAME
Personal name Chistyakov, N. I.
942 ## - ADDED ENTRY ELEMENTS (KOHA)
Source of classification or shelving scheme Dewey Decimal Classification
Koha item type Books
Holdings
Lost status Source of classification or shelving scheme Damaged status Not for loan Collection code Permanent Location Current Location Shelving location Date acquired Source of acquisition Cost, normal purchase price Total Checkouts Full call number Date last seen Copy number Koha item type
  Dewey Decimal Classification   Not For Loan Non-fiction Central Library, University of Rajshahi Central Library, University of Rajshahi Reading Room 20/08/1968 S.P. 93.00   621.38151082 TRA 1964 01/02/2014 C-1 Books
  Dewey Decimal Classification     Non-fiction Central Library, University of Rajshahi Central Library, University of Rajshahi   23/11/1968 Zeitlinger 84.00   621.38151082 TRA 1964 01/02/2014 C-5 Books
  Dewey Decimal Classification     Non-fiction Central Library, University of Rajshahi Central Library, University of Rajshahi   20/08/1968 Swets and Zeitlinger 93.00   621.38151082 TRA 1964 03/06/2017 C-2 Books